000 00456nam a22001817a 4500
003 Ost
005 20220902181353.0
008 220902b |||||||| |||| 00| 0 eng d
020 _aNA
040 _cBT-PhCST
050 _a4560
082 _222
_a537.22
100 _aLonngren, Karl E. and Savov, Sava V.
245 _aFundamentals of electromagnetics with matlab /
260 _aIndia,
_bPrentice Hall,
_cc2004.
300 _a0
_bill. ;
942 _2ddc
_cEE
999 _c3167
_d3167